000 00859nas a2200265 4500
001 BR0801692
003 BR-BrBNA
005 20231205111732.0
007 ta
008 230509b bl.|||p| |||| 00| 00por d
040 _aBR-BrBNA
_bpor
_cBiblioteca Nacional de Agricultura
041 _a(Pt)
072 _aL73
100 1 _aValle, O.J.G.
100 1 _aReva, D.
100 1 _aGonçalves, R.L.
100 1 _aLamberti, Y.J.C.
245 1 _aResposta imunológica humoral em bovinos induzida pelas vacinas Biopoligen HS e Bioabortogen H contra a IBR e BVD em um ensaio a campo em condições brasileiras
650 _aBOVINO
650 _aVACINA
650 _aIMUNOLOGIA
773 0 _tA Hora Veterinária (Brazil)
_xISSN 0101-9163
_g(Jan-Feb 2006), v. 25(149) p. 50-53
_wBR0801692
909 _a202311
_bLúcia
_c55
_dLúcia Elande
942 _2AGRIS
_n0
_cANA
999 _c194222
_d194222